03881namaa22003131i 4500003000400000005001700004008004100021040004300062041001800105082001100123100007000134245041900204246009600623264001000719300005900729336002200788337002500810338002300835502007200858504004800930520119100978520094202169530004303111546009903154650004703253653012603300700006703426700007403493OSt20251022113201.0250723s2024 ua a|||frm||| 000 0 eng d aEG-GICUCbaracEG-GICUCdEG-GICUCerda0 aarabarabeng04a910.020 a،نشوى وحيد أحمد عبد المنعمeإعداد.12aالضوابط الجيومورفولوجية للمواقع الأثرية فى محافظة الفيوم بإستخدام نظم المعلومات الجغرافية والإستشعار عن بعد /cاعداد الطالبة نشوى وحيد أحمد عبد المنعم؛ تحت إشراف أ.د / جوده فتحى التركمانى، أ.م.د/ محمد إبراهيم محمد خطاب.15aGeomorphological controls of archaeological sites in fayoum governorate by using gis & rs / 0c2024. a271 صفحة :bإيضاحيات ؛ c25 cm. + eCD. atext2rda content aUnmediated2rdamedia avolume2rdacarrier aأطروحة (ماجستير)-جامعة القاهرة، 2024.  aببليوجرافيا: صفحات 256-271. aتقع منطقة الدراسة غرب وادى النيل، بين خطى طول ً22.8 َ51 ْ29 ، ً33.6 ً7 ْ31 شرقاً، ودائرتى عرض ً55.5 َ57 28 ْ ، ً41.1 َ43 ْ29 شمالا، بمساحة تبلع حوالى 5852.12كم2. وتضم هذه الدراسة خمس فصول، ويتناول الفصل الأول الضوابط الطبيعية و البشرية لمنطقة الدراسة، وقد اشار الفصل الثاني للاشكال والوحدات الجيومورفولوجية بالمواقع الأثرية ،وقد تناول الفصل الثالث دور وتأثير عمليات التجوية في تدهور المواقع الأثرية، ومن ثم في الفصل الرابع يوضح نشاط عمليات الارساب والنحت وأثرهم علي تلك المواقع ، ويتناول الفصل الخامس وضع قواعد بيانات جغرافية للمواقع الأثرية، ونماذج تاريخية لإغلب المواقع الأثرية بمنطقة الدراسة، وتطبيق تحليل SWOT لتحددي نقاط القوى و الضعف بمنطقة الدراسة. aThe study area is located in the west of the Nile Valley, between longitudes 22.8 ً 51 َ 29 ْ and 33.6 ً 7 َ 31 ْ east, and latitudes 55.5 ً 57 َ 28° and 41.1 ً 43 َ 29° north, with an area covering about 5852.12 km2. This study includes five chapters. The first chapter deals with the natural and human controls of the study area. The second chapter referred to the forms and geomorphological units of archaeological sites. The third chapter dealt with the role and impact of weathering processes on the deterioration of archaeological sites, and then in the fourth chapter it explains the activity of sedimentation processes. And sculpture and their impact on those sites. The fifth chapter deals with developing geographical databases for archaeological sites, historical models for most of the archaeological sites in the study area, and applying SWOT analysis to determine the strengths and weaknesses of the study area. aصدر أيضًا كقرص مدمج. aالنص بالعربية والملخص باللغة الإنجليزية والعربية. 7aالجغرافيا الطبيعية2qrmak 0aالجيومورفولوجيةaالمواقع الأثريةaحضارة الفيوم (أ)، (ب)aمناخ قديم0 aجوده فتحى التركمانىeمشرف أطروحة.0 aمحمد إبراهيم محمد خطابeمشرف أطروحة.